000
00281nas a2200121Ia 4500
245
_a
Annals of Clinical Biochemistry
260
_c
2015
_a
UK
_b
SAGE PUBLICATION
310
_a
BIOMONTHLY
362
_a
MARCH 2015
500
_a
INTERNATIONAL
650
_a
Biochemistry
942
_2
ddc
_c
LJ
999
_c
6534
_d
6534